Informe de peaje de transmision 2016-2019 / Empresas de trasmision electrica dominicana(ETED) (Registro nro. 21386)
[ vista simple ]
| 000 -LEADER | |
|---|---|
| fixed length control field | 00669nam a2200217Ia 4500 |
| 001 - CONTROL NUMBER | |
| control field | 21645 |
| 003 - CONTROL NUMBER IDENTIFIER | |
| control field | DO-CoUTE |
| 005 - DATE AND TIME OF LATEST TRANSACTION | |
| control field | 20260204212626.0 |
| 008 - FIXED-LENGTH DATA ELEMENTS--GENERAL INFORMATION | |
| fixed length control field | 220104s9999 dr 000 0 spa d |
| 040 ## - CATALOGING SOURCE | |
| Original cataloging agency | DO-CoUTE |
| Language of cataloging | spa |
| Transcribing agency | DO-CoUTE |
| 041 0# - LANGUAGE CODE | |
| Language code of text/sound track or separate title | spa |
| 082 ## - DEWEY DECIMAL CLASSIFICATION NUMBER | |
| Classification number | RD-R 621.319 E83e |
| 110 ## - MAIN ENTRY--CORPORATE NAME | |
| Corporate name or jurisdiction name as entry element | Empresa de trasmision electrica dominicana(ETED) |
| 245 10 - TITLE STATEMENT | |
| Title | Informe de peaje de transmision 2016-2019 / Empresas de trasmision electrica dominicana(ETED) |
| 260 ## - PUBLICATION, DISTRIBUTION, ETC. | |
| Place of publication, distribution, etc. | Sanoto Domingo,República Dominicana : ETED |
| 300 ## - PHYSICAL DESCRIPTION | |
| Extent | 244 páginas |
| 500 ## - GENERAL NOTE | |
| General note | 1.Incluye cd |
| 942 ## - ADDED ENTRY ELEMENTS (KOHA) | |
| Source of classification or shelving scheme | Dewey Decimal Classification |
| Koha item type | Libros |
| Withdrawn status | Lost status | Source of classification or shelving scheme | Damaged status | Not for loan | Collection code | Home library | Current library | Date acquired | Inventory number | Total Checkouts | Full call number | Barcode | Date last seen | Copy number | Price effective from | Koha item type |
|---|---|---|---|---|---|---|---|---|---|---|---|---|---|---|---|---|
| Dewey Decimal Classification | Referencia Dominicana | Biblioteca UTECO | Biblioteca UTECO | 01/02/2021 | 021441 | R RD 621.319 E83e (CRF) | 021441 | 03/30/2022 | Ej.1 | 01/03/2021 | Libros |
